000 00681nam a2200229Ia 4500
001 17215
003 GE_BSU
008 181216s||||||||xx |||||||||||||| ||und||
040 _cGE_BSU
080 _a821.161.1-32
100 _aტოლსტოი, ა.
245 _aრუსული ხასიათი
245 _bმოთხრობა
245 _cთარგმ. თინა სულიაშვილისა.
260 _aთბილისი
260 _bსახელგამი
260 _c1956
300 _a17გვ. ; 17სმ.
653 _aმოთხრობა
653 _aრუსული ხასიათი
942 _cBK
999 _c50276
_d50276